<?xml version="1.0" encoding="UTF-8"?>
<record
    xmlns:xsi="http://www.w3.org/2001/XMLSchema-instance"
    xsi:schemaLocation="http://www.loc.gov/MARC21/slim http://www.loc.gov/standards/marcxml/schema/MARC21slim.xsd"
    xmlns="http://www.loc.gov/MARC21/slim">

  <leader>00497nam a2200217Ia 4500</leader>
  <controlfield tag="003">OSt</controlfield>
  <controlfield tag="005">20240910125115.0</controlfield>
  <controlfield tag="008">240126s9999    xx            000 0 und d</controlfield>
  <datafield tag="020" ind1=" " ind2=" ">
    <subfield code="a">9789350357200</subfield>
  </datafield>
  <datafield tag="040" ind1=" " ind2=" ">
    <subfield code="c">0</subfield>
  </datafield>
  <datafield tag="041" ind1=" " ind2=" ">
    <subfield code="a">English</subfield>
  </datafield>
  <datafield tag="082" ind1=" " ind2=" ">
    <subfield code="a">344.046  LEE;1  R</subfield>
  </datafield>
  <datafield tag="100" ind1=" " ind2=" ">
    <subfield code="a">Leelakrishnan, P.</subfield>
  </datafield>
  <datafield tag="245" ind1=" " ind2="0">
    <subfield code="a">Environmental law in India</subfield>
  </datafield>
  <datafield tag="250" ind1=" " ind2=" ">
    <subfield code="a">4th ed.</subfield>
  </datafield>
  <datafield tag="260" ind1=" " ind2=" ">
    <subfield code="b">Lexis Nexis</subfield>
    <subfield code="a">Haryana</subfield>
  </datafield>
  <datafield tag="300" ind1=" " ind2=" ">
    <subfield code="a">XXXIV, 318</subfield>
  </datafield>
  <datafield tag="440" ind1=" " ind2=" ">
    <subfield code="a">NULL</subfield>
  </datafield>
  <datafield tag="650" ind1=" " ind2=" ">
    <subfield code="a">law,India</subfield>
  </datafield>
  <datafield tag="942" ind1=" " ind2=" ">
    <subfield code="c">LL</subfield>
    <subfield code="2">ddc</subfield>
  </datafield>
  <datafield tag="999" ind1=" " ind2=" ">
    <subfield code="c">280455</subfield>
    <subfield code="d">280455</subfield>
  </datafield>
  <datafield tag="952" ind1=" " ind2=" ">
    <subfield code="r">2026-04-15 12:36:41</subfield>
    <subfield code="l">7</subfield>
    <subfield code="o">344.046  LEE;1  R</subfield>
    <subfield code="p">LL125</subfield>
    <subfield code="h">(08/07/1905)</subfield>
    <subfield code="s">2026-04-15</subfield>
    <subfield code="v">347.62</subfield>
    <subfield code="w">2024-01-26</subfield>
    <subfield code="y">LL</subfield>
    <subfield code="1">0</subfield>
    <subfield code="2">ddc</subfield>
    <subfield code="4">0</subfield>
    <subfield code="7">0</subfield>
    <subfield code="8">LAW</subfield>
    <subfield code="0">0</subfield>
    <subfield code="a">LAW</subfield>
    <subfield code="b">LAW</subfield>
    <subfield code="c">LAW</subfield>
    <subfield code="d">2017-02-18</subfield>
    <subfield code="e">Puliani &amp; Puliani</subfield>
    <subfield code="g">463.50</subfield>
    <subfield code="E">Law</subfield>
    <subfield code="K">8201/I</subfield>
    <subfield code="G">RS</subfield>
    <subfield code="F">1</subfield>
    <subfield code="V">115.88</subfield>
    <subfield code="W">25</subfield>
  </datafield>
  <datafield tag="952" ind1=" " ind2=" ">
    <subfield code="r">2026-04-22 12:54:08</subfield>
    <subfield code="l">10</subfield>
    <subfield code="o">344.046  LEE;2  R</subfield>
    <subfield code="p">LL1110</subfield>
    <subfield code="h">(11/07/1905)</subfield>
    <subfield code="s">2026-04-21</subfield>
    <subfield code="v">462.00</subfield>
    <subfield code="w">2024-01-26</subfield>
    <subfield code="y">LL</subfield>
    <subfield code="1">0</subfield>
    <subfield code="2">ddc</subfield>
    <subfield code="4">0</subfield>
    <subfield code="7">0</subfield>
    <subfield code="8">LAW</subfield>
    <subfield code="0">0</subfield>
    <subfield code="a">LAW</subfield>
    <subfield code="b">LAW</subfield>
    <subfield code="c">LAW</subfield>
    <subfield code="d">2019-05-30</subfield>
    <subfield code="e">MPP House</subfield>
    <subfield code="g">525.00</subfield>
    <subfield code="E">Law</subfield>
    <subfield code="K">214</subfield>
    <subfield code="G">RS</subfield>
    <subfield code="F">1</subfield>
    <subfield code="V">12</subfield>
  </datafield>
  <datafield tag="952" ind1=" " ind2=" ">
    <subfield code="r">2026-04-15 12:40:55</subfield>
    <subfield code="l">7</subfield>
    <subfield code="o">344.046  LEE;3  R1</subfield>
    <subfield code="p">LL1111</subfield>
    <subfield code="h">(11/07/1905)</subfield>
    <subfield code="s">2026-04-15</subfield>
    <subfield code="v">462.00</subfield>
    <subfield code="w">2024-01-26</subfield>
    <subfield code="y">LL</subfield>
    <subfield code="1">0</subfield>
    <subfield code="2">ddc</subfield>
    <subfield code="4">0</subfield>
    <subfield code="7">0</subfield>
    <subfield code="8">LAW</subfield>
    <subfield code="0">0</subfield>
    <subfield code="a">LAW</subfield>
    <subfield code="b">LAW</subfield>
    <subfield code="c">LAW</subfield>
    <subfield code="d">2019-05-30</subfield>
    <subfield code="e">MPP House</subfield>
    <subfield code="g">525.00</subfield>
    <subfield code="E">Law</subfield>
    <subfield code="K">214</subfield>
    <subfield code="G">RS</subfield>
    <subfield code="F">1</subfield>
    <subfield code="V">12</subfield>
  </datafield>
</record>
